Dream Team del Pallone d'oro - Statistics

Statistiche generali
  • Questo quiz è stato fatto 62 volte
  • Il punteggio medio è 10 su 11
Statistiche sulle risposte
Ruolo Nazione Periodo di attività Club in cui ha giocato Calciatore % Corretto
Ala sinistra Portogallo 2002 - Sporting Lisbona B - Sporting Lisbona - Manchester United - Real Madrid - Juventus - Manchester United - Al-Nassr Cristiano Ronaldo
100%
Ala destra Argentina 2003 - Barcellona C - Barcellona B - Barcellona - Paris Saint-Germain - Inter Miami Lionel Messi
100%
Terzino sinistro Italia 1985 - 2009 Milan Paolo Maldini
98%
Centravanti Brasile 1993 - 2011 Cruzeiro - PSV - Barcellona - Inter - Real Madrid - Milan - Corinthias Ronaldo
98%
Terzino destro Brasile 1989 - 2008 San Paolo- Real Saragozza -Palmeiras - Roma - Milan Cafu
97%
Centrocampista offensivo Argentina 1976 - 1997 Argentinos Juniors - Boca Juniors - Barcellona - Napoli - Siviglia - Newell's Old Boys - Boca Juniors Diego Armando Maradona
95%
Centrocampista offensivo Brasile 1957 - 1977 Santos - New York Cosmoa Pelé
95%
Centrocampista difensivo Germania 1979 - 2000 Borussia Mönchengladbach - Bayern Monaco - Inter - Bayern Monaco - MetroStars Lothar Matthäus
93%
Portiere Unione Sovietica 1950 - 1970 Dinamo Mosca Lev Jašin
93%
Centrocampista difensivo Spagna 1997 - 2019 Barcellona B - Barcellona - Al-Sadd Xavi
92%
Difensore centrale Germania 1964 - 1983 Bayern Monaco - New York Cosmos - Amburgo - New York Cosmos Franz Beckenbauer
80%
Nessun quiz corrispondente trovato
Distribuzione punteggi
Percentuale di utenti per punteggio
Percentile per numero di risposta
I tuoi punteggi nel tempo
Non hai fatto questo quiz